000 00594nam a2200181 a 4500
001 ASIN0714704202
005 20150414010033.0
008 150414s1971 xxu eng d
020 _a0714704202 (hardcover)
020 _a9780714704203 (hardcover)
100 1 _aBalakshin, Boris.
245 1 0 _aFundamentals of manufacturing engineering /
_cBoris Balakshin, N. Weinstein.
260 _a[S.l.] :
_bCentral Books Ltd,
_c1971.
300 _a574 p.
500 _aImport.
700 1 _aWeinstein, N.
856 4 0 _3Amazon.com
_uhttp://www.amazon.com/exec/obidos/ASIN/0714704202/chopaconline-20
999 _c13051
_d13051